Tribhuvan University Central Library

Ganit shikshako adhar (Record no. 45906)

MARC details
000 -LEADER
fixed length control field 005990000a22002650004500
082 ## - DEWEY DECIMAL CLASSIFICATION NUMBER
Classification number N510.7
Item number Su861g
041 ## - LANGUAGE CODE
Language code of text/sound track or separate title Nep
015 ## - NATIONAL BIBLIOGRAPHY NUMBER
National bibliography number NNB
100 ## - MAIN ENTRY--PERSONAL NAME
Personal name Surendraram
100 ## - MAIN ENTRY--PERSONAL NAME
Personal name Budhathoki, Tara Bahadur
245 ## - TITLE STATEMENT
Title Ganit shikshako adhar
250 ## - EDITION STATEMENT
Edition statement Dosro samsk.
260 ## - PUBLICATION, DISTRIBUTION, ETC. (IMPRINT)
Place of publication, distribution, etc Kathmandu
Name of publisher, distributor, etc Kshitiz Prakashan, Nepal
260 ## - PUBLICATION, DISTRIBUTION, ETC. (IMPRINT)
Date of publication, distribution, etc 2064 B.S.
300 ## - PHYSICAL DESCRIPTION
Extent 204p.
365 ## - TRADE PRICE
Price type code Rs.165.00
538 ## - SYSTEM DETAILS NOTE
System details note T
518 ## - DATE/TIME AND PLACE OF AN EVENT NOTE
Date/time and place of an event note 2065-5-2
530 ## - ADDITIONAL PHYSICAL FORM AVAILABLE NOTE
Additional physical form available note M
500 ## - GENERAL NOTE
General note Bibliography: p.204
650 ## - SUBJECT ADDED ENTRY--TOPICAL TERM
Topical term or geographic name as entry element Mathematics
650 ## - SUBJECT ADDED ENTRY--TOPICAL TERM
Topical term or geographic name as entry element Education
650 ## - SUBJECT ADDED ENTRY--TOPICAL TERM
Topical term or geographic name as entry element Instructional materials
942 ## - ADDED ENTRY ELEMENTS (KOHA)
Koha item type General Collections
Holdings
Withdrawn status Lost status Source of classification or shelving scheme Damaged status Not for loan Home library Current library Shelving location Date acquired Total Checkouts Full call number Barcode Date last seen Price effective from Koha item type Date checked out
    Dewey Decimal Classification     Tribhuvan University Central Library Tribhuvan University Central Library New Building 06/20/2010   N510.7 Su861g 131970 06/20/2010 06/20/2010 General Collections  
    Dewey Decimal Classification     Tribhuvan University Central Library Tribhuvan University Central Library New Building 06/20/2010 8 N510.7/Su861g 131971 01/31/2022 06/20/2010 General Collections 01/27/2022